| 000 | 00790nam a2200265 4500 | ||
|---|---|---|---|
| 001 | 32829 | ||
| 003 | BD-RjUL | ||
| 005 | 20211209051912.0 | ||
| 008 | 140428s1971 bg b 000 0 eng | ||
| 035 | _a(BD-RjUL)32919 | ||
| 040 |
_aDLC _cDLC _dBD-RjUL _beng |
||
| 041 | _aeng | ||
| 082 |
_a335.4 _bCHD 1971 |
||
| 100 | 1 |
_aChowdhury, Habibuddin Ahmed. _999820 |
|
| 245 | 1 | 0 |
_aDynamics of revolution / _cHabibuddin Ahmed Chowdhury. |
| 260 |
_aDacca : _c1971. _bStar Press, |
||
| 300 |
_avi, 166, [1] p. ; _c22 cm. |
||
| 500 | _aLabel on t.p.: Distributor: Paramount Book Corporation, Dacca. | ||
| 504 | _aBibliography: p. [167] | ||
| 650 | 0 |
_aMarxian economics. _96707 |
|
| 650 | 0 |
_aCommunism and society. _93178 |
|
| 942 |
_2ddc _cBK |
||
| 999 |
_c32829 _d32829 |
||